000 00521nam a22001937a 4500
005 20140217123512.0
010 _aENG-108598
020 _a9789350093528
_c299.00
035 _aEN-92131
037 _bDBAD/PUB
082 _aN
100 _aNishat Fatima
245 _aSeriously, Sitara? /
_cby Nishat Fatima
260 _aGurgaon
_bHachette Book Publishing
_c2013
270 _a4th/5th Floors, Corporate Centre, Sector 44
_bGurgaon
_e122003
300 _a323p.
_c18cm(pbk)
700 _a
942 _2ddc
_cEN
_mNIS
_hN
999 _c80183
_d80183